Lataa...

Contemporary English prose /

Bibliografiset tiedot
Päätekijä: Menon K P K, Ed
Aineistotyyppi: Printed Book
Kieli:English
Julkaistu: Madras: O U P, 1976.
LEADER 00393nam a2200109Ia 4500
008 121027s9999 xx 000 0 eng d
082 |a 824.008  |b MEN/C 
100 |a Menon K P K, Ed. 
245 |a Contemporary English prose / 
260 |a Madras:  |b O U P,  |c 1976. 
999 |c 67887  |d 67887 
952 |0 0  |1 0  |4 0  |6 824_008000000000000_MEN_C  |7 0  |9 67864  |a UL  |b UL  |c ST1  |d 2012-10-27  |l 0  |o 824.008 MEN/C  |p G67  |r 2012-10-27  |w 2012-10-27  |y BK